LEADER 01811nam 2200373 n 450 001 996393425803316 005 20221108004935.0 035 $a(CKB)4940000000110900 035 $a(EEBO)2240925238 035 $a(UnM)99867711 035 $a(EXLCZ)994940000000110900 100 $a19940523d1646 uy | 101 0 $aeng 135 $aurbn||||a|bb| 200 10$aPracticall divinity$b[electronic resource] $eor a helpe through the blessing of God to lead men more to look within themselves, and to unite experienced Christians in the bond and fellowship of the Spirit. /$fDelivered in sundry exercises lately spoken by Cap. Paul Hobson, upon these texts. Published by an hearty wellwiller to peace and unity among the dissenting godly, and to the promotion of spirituall and experimentall truths, without affectation of opinions, or prejudice against persons. Tending as to the edification of the reader chiefly : so also, somewhat in vindication of the authour 210 $a[London] $cLicensed and published according to order. And sould by R. Harford at the Bible in Queenes-head-alley in Pater-noster-row$d1646 215 $a[2], 122 p 300 $aPlace of publication from Wing. 300 $aAnnotation on Thomason copy: "A Taylor" is written in after the authors name; "Aprill 23th". 300 $aReproduction of the original in the British Library. 330 $aeebo-0018 606 $aGod$xWorship and love$vEarly works to 1800 606 $aChristian life$vEarly works to 1800 615 0$aGod$xWorship and love 615 0$aChristian life 700 $aHobson$b Paul$0141223 801 0$bCu-RivES 801 1$bCu-RivES 801 2$bCStRLIN 801 2$bWaOLN 906 $aBOOK 912 $a996393425803316 996 $aPracticall divinity$92386832 997 $aUNISA